Druhy těstovin #2 - Statistics

General Stats
  • This quiz has been taken 20 times
  • The average score is 4 of 12
Answer Stats
Picture Answer % Correct
Rýžové nudle 🇨🇳
94%
Noky/Gnocchi 🇮🇹
75%
Pirohy/Pierogi 🇸🇰🇵🇱
56%
Udon 🇯🇵
50%
Tarhoňa 🇸🇰🇭🇺
44%
Špecle 🇨🇿🇩🇪
38%
Pelmeně 🇷🇺🇺🇦
31%
Ramen nudle 🇯🇵🇰🇷
31%
Himokawa 🇯🇵
0%
Pastítsio 🇬🇷
0%
Schupfnudel 🇩🇪🇦🇹
0%
Wonton 🇨🇳
0%
No matching quizzes found
Score Distribution
Percent of People with Each Score
Percentile by Number Answered
Your Score History
You have not taken this quiz